1539 1469 1239 1662 1309 1114 1765 1720 1889 1795 1829 1454 1464 1930 1430 1473 1480 1017 2000 1892 1181 1149 1064 1270 1598 1828 1019 1001 1859 1548 1071 1258 1963 1269 1955 1270 1167 1081 1289 1184 1417 1313 1293 1921 1245 1441 1488 1868 1975 1412 1298 1065 1102 1698 1499 1278 1895 1352 1907 1339 1741 1469 1479 1680 1473 1383 1775 1237 1595 1268 1817 1009 1138 1900 1636 1197 1018 1606 1002 1952 1378 1247 1782 1028 1419 1471 1843 1947 1844 1025 1084 1857 1889 1602 1748 1366 1887 1277 1097 BCNSPRNW ULIB Ver.6.0+V

เปลี่ยนเป็นภาษาไทย

Change to English
 แสดงรายละเอียดบรรณานุกรม
  กลับหน้าหลัก

Brief Record : Get Marc (ISO 2709) : E-mail record : QR code < ปิดหน้าต่าง
LEADER : 00000nam 2200000uu 4500
001    13399120341
003     ULIB
008    051019s2548 th a 000 0 tha d
020    ^a9789741332540
060 04 ^aQY25^bว711ก 2548
100 0  ^aวิโรจน์ ไววานิชกิจ
245 10 ^aการจัดการกระบวนการคุณภาพทางห้องปฏิบัติการด้านการแพทย์ /^cวิโรจน์ ไววานิชกิจ
250    ^aพิมพ์ครั้งที่ 1
260    ^aกรุงเทพฯ :^bสำนักพิมพ์แห่งจุฬาลงกรณ์มหาวิทยาลัย,^c2548
300    ^a363 หน้า :^bภาพประกอบ ;^c26 ซม.
500    ^aSend to Single Search
650  4 ^aห้องปฏิบัติการทางการแพทย์^xการควบคุมคุณภาพ
650  4 ^aประกันคุณภาพ
945    ^p250^l0^i24016
995    ^aกัณชพร
999    ^aใช้งานได้ทุกระบบ
รายการนี้ยังไม่มีแท็ก
คุณยังไม่ได้ล็อกอิน คุณสามารถมีกิจกรรมร่วมกับเว็บไซต์ได้ แต่ต้องล็อกอินก่อน ::
  ล็อกอิน

รายการสื่อสารสนเทศ

ลำดับที่ ประเภท เลขเรียก/บาร์โค้ด สถานที่ สถานะ
1. วิทยาศาสตร์การแพทย์ และสุขภาพ
วิทยาศาสตร์การแพทย์ และสุขภาพ
QY25 ว711ก 2548  
  Barcode: 24016
ห้องสมุดวิทยาเขตสวรรค์ประชารักษ์
►หนังสือทั่วไป
บนชั้น

รายการใกล้เคียง
    ผู้แต่ง [วิโรจน์ ไววานิชกิจ]

    หัวเรื่อง [ประกันคุณภาพ]

BibComment


ยังไม่เคยถูกคอมเมนท์

คอมเมนท์ทรัพยากรรายการนี้
  คอมเมนท์: การจัดการกระบวนก..


 Copyright 2026. Bcnsprnw @Library